| 000 | 00567nam a2200205Ia 4500 | ||
|---|---|---|---|
| 005 | 20250508154300.0 | ||
| 008 | 008 250505s9999 xx 000 0 eng d | ||
| 037 | _aTextBook | ||
| 040 |
_aFEDL _beng _cFEDL |
||
| 041 |
_aeng _2eng |
||
| 084 |
_a371.2, KAU _qFEDL |
||
| 100 | _aKaul G N | ||
| 245 | 0 | _aBetter schools for India | |
| 260 |
_aBombay, India _bOrient Longman Pvt. Ltd. _c1964 |
||
| 300 | _aix,236p | ||
| 365 |
_aINR _b10 |
||
| 650 |
_aEducation; School Administration _9765232 |
||
| 942 |
_cTB _h371.2, KAU |
||
| 999 |
_c1349348 _d1349348 |
||